000 00740nam a22001817a 4500
003 NUST
040 _a0
082 _a621.382,YOU
100 _aYousaf, Savera
_9118351
245 _aVision Based Intelligent Vehicle Control /
_cSavera Yousaf, Zoha Ali Kayani, Muhammad Talha Khalid and Hassaan Bin Nadeem. (TCC-31 / BETE-56)
264 _aRawalpindi
_bMCS (NUST)
_c2023
300 _a64 p.;
505 _aIntroduction (Page-1), Literature Review (Page-13), Technical Specifications (Page-17), Proposed Solution (Page-29), Results (Page-41), Conclusion and Future Work (Page-49).
650 _aUG EE Project
_9118090
690 _aTCC-31 / BETE-56
_9118237
700 _aSupervised by Dr. Ata Ur Rehman
_9132602
942 _2ddc
_cPR
999 _c603316
_d603316